[Event "17th Hampstead: U2200"]
[Site "?"]
[Date "2014.04.12"]
[Round "1"]
[White "Jaunooby, Ali"]
[Black "Ungaro, Fabio"]
[Result "1-0"]
[WhiteElo "2178"]
[BlackElo "1705"]

1. d4 Nf6 2. Bf4 g6 3. e3 Bg7 4. Bd3 O-O 5. h4 c5 6. h5 Nc6 7. hxg6 hxg6 8. c3
d6 9. d5 Ne5 10. Bxe5 dxe5 11. e4 b5 12. Nd2 c4 13. Be2 e6 14. Bf3 exd5 15. a4
dxe4 16. Nxe4 Qxd1+ 17. Kxd1 Nxe4 18. Bxe4 Rb8 19. axb5 Rxb5 20. Kc2 Bb7 21.
Bf3 e4 22. Be2 Bd5 23. Rxa7 Rfb8 24. Ra2 f5 25. Nh3 e3 26. Nf4 Be4+ 27. Kc1
exf2 28. Bxc4+ {#r} 1-0

[Event "17th Hampstead: U2200"]
[Site "?"]
[Date "2014.04.12"]
[Round "1"]
[White "Ivanov, George"]
[Black "Dignam, Matthew"]
[Result "0-1"]
[WhiteElo "1701"]
[BlackElo "2134"]

1. e4 d6 2. d4 Nf6 3. Bd3 g6 4. h3 Bg7 5. Nf3 O-O 6. c3 Nc6 7. Be3 e5 8. dxe5
dxe5 9. O-O Qe7 10. Qc2 Nh5 11. Nbd2 Kh8 12. Nb3 b6 13. Rfe1 Nd8 14. Nc1 Ne6
15. Ne2 Nc5 16. Bc4 Bb7 17. Nd2 f5 18. exf5 gxf5 19. f4 Bh6 20. Nf1 Be4 21.
Qc1 Qg7 22. g3 Nd7 23. fxe5 f4 24. Bd2 Nxe5 25. Nd4 Nxg3 {#R} 0-1

[Event "17th Hampstead: U2200"]
[Site "?"]
[Date "2014.04.12"]
[Round "1"]
[White "Villiers, Thomas"]
[Black "Pepe, Salvatore"]
[Result "1-0"]
[WhiteElo "2097"]
[BlackElo "1696"]

1. c4 g6 2. g3 Bg7 3. Bg2 d6 4. Nc3 e5 5. d3 Ne7 6. e4 Nbc6 7. Nge2 Be6 8. O-O
Qd7 9. Nd5 Nd4 10. Nxd4 exd4 11. Nf4 h5 12. Nxe6 fxe6 13. f4 h4 14. Qg4 hxg3
15. hxg3 e5 16. Qf3 O-O-O 17. f5 Rdf8 18. Bg5 Nc6 19. g4 Bf6 20. Bxf6 Rxf6 21.
g5 Rff8 22. f6 Qh7 23. Kf2 Qh4+ 24. Qg3 Nb4 25. Rad1 Rh5 26. Qxh4 Rxh4 27. a3
Nc2 28. Rh1 Rf4+ 29. Ke2 Ne3 30. Rdg1 Kd8 31. Bf3 b6 32. Rh7 a5 33. Rgh1 Ng4
34. R1h4 Nxf6 35. gxf6 R4xf6 36. Rh3 g5 37. Rg7 c6 38. Rxg5 b5 39. cxb5 cxb5
40. Rg7 Kc8 41. Ra7 b4 42. Rxa5 bxa3 43. bxa3 Kb7 44. Rb5+ Kc6 45. Rb3 Kc5 46.
Rh1 d5 47. Rc1+ Kd6 48. Rb6+ {#r} 1-0

[Event "17th Hampstead: U2200"]
[Site "?"]
[Date "2014.04.12"]
[Round "1"]
[White "Jain, Gautam"]
[Black "Atako, Chino"]
[Result "1-0"]
[WhiteElo "1678"]
[BlackElo "2056"]

1. e4 c5 2. Nc3 g6 3. f4 Bg7 4. Nf3 Nc6 5. Bc4 e6 6. O-O Nge7 7. Qe1 O-O 8. d3
d5 9. Bb3 Nd4 10. Nxd4 cxd4 11. Nd1 dxe4 12. dxe4 Nc6 13. Nf2 b6 14. Bd2 a5
15. Bc4 Qc7 16. Qe2 e5 17. Ng4 Bxg4 18. Qxg4 Ne7 19. b3 b5 20. Bd3 f5 21. Qe2
fxe4 22. Bxe4 Rab8 23. Qg4 Kh8 24. Rac1 Nf5 25. Qf3 Ne3 26. Bxe3 dxe3 27. f5
Qc5 28. Kh1 gxf5 29. Bxf5 e4 30. Qh5 Rxf5 31. Qxf5 Qb4 32. Qf4 Re8 33. Qxe3
Bd4 34. Qe2 e3 35. Rcd1 Bc3 36. Rd7 Qe4 37. Rff7 Rc8 38. Qh5 e2 39. Rxh7+ Kg8
40. Qf7# 1-0

[Event "17th Hampstead: U2200"]
[Site "?"]
[Date "2014.04.12"]
[Round "1"]
[White "Prior, Stephen"]
[Black "Rubandhas, R Samprabhu"]
[Result "0-1"]
[WhiteElo "2052"]
[BlackElo "1675"]

1. e4 e6 2. d4 d5 3. Nc3 dxe4 4. Nxe4 Nd7 5. Bd3 Ngf6 6. Qe2 c5 7. Nf3 Nxe4 8.
Bxe4 Nf6 9. Bd3 cxd4 10. Bb5+ Bd7 11. Nxd4 Bc5 12. Be3 Bxd4 13. O-O-O Bxe3+
14. Qxe3 Qb6 15. Bxd7+ Nxd7 16. Qg5 g6 17. Rhe1 Qc6 18. Rd3 Rc8 19. Rc3 Nc5
20. Qh6 Qa4 21. Qg7 Ke7 22. Re2 Qxa2 23. Rxc5 Qa1+ 24. Kd2 Rhd8+ 25. Ke3 Rxc5
26. Kf3 Rf5+ 27. Kg3 Qc1 28. f3 Qf4+ 29. Kf2 Qh4+ {#R} 0-1

[Event "17th Hampstead: U2200"]
[Site "?"]
[Date "2014.04.12"]
[Round "1"]
[White "Anbukumar, Hajane"]
[Black "Bonafont, Philip R"]
[Result "1-0"]
[WhiteElo "1648"]
[BlackElo "2045"]

1. d4 d5 2. Nf3 Nf6 3. g3 e6 4. Bg2 Be7 5. O-O O-O 6. c4 Nbd7 7. Nbd2 c6 8. b3
b6 9. Bb2 Bb7 10. Ne5 Nxe5 11. dxe5 Ne8 12. cxd5 cxd5 13. Rc1 Rc8 14. e4 Rxc1
15. Qxc1 Nc7 16. Qc2 Qd7 17. Rc1 Rc8 18. Qd3 Qe8 19. exd5 Nxd5 20. Rxc8 Qxc8
21. Qc4 Qd7 22. Qd3 h6 23. h3 b5 24. a3 a5 25. Nf1 Bc5 26. Ne3 Bxe3 27. fxe3
Qc6 28. e4 Nb6 29. Qd6 Qxd6 30. exd6 f6 31. Bc3 a4 32. bxa4 bxa4 33. Bf3 Kf7
34. Kf2 Ke8 35. e5 Bxf3 36. Kxf3 f5 37. g4 fxg4+ 38. Kxg4 Nc4 39. Kh5 Nxa3 40.
Kg6 Nc4 41. Kxg7 h5 42. h4 Nb6 43. Kg6 Kf8 44. Kxh5 Kg7 45. Kg5 a3 46. h5 Nd7
47. Ba1 a2 48. h6+ Kh7 49. Bb2 Nc5 50. Kf6 Kxh6 51. Ke7 Kg6 52. d7 {#r} 1-0

[Event "17th Hampstead: U2200"]
[Site "?"]
[Date "2014.04.12"]
[Round "1"]
[White "Rogers, Tim"]
[Black "Mitchell, Robert"]
[Result "1-0"]
[WhiteElo "1968"]
[BlackElo "1640"]

1. e4 d5 2. exd5 Qxd5 3. Nc3 Qd6 4. Nf3 Nf6 5. Be2 a6 6. O-O Nc6 7. d3 Bf5 8.
h3 e5 9. Ng5 Bg6 10. Nge4 Nxe4 11. Nxe4 Bxe4 12. dxe4 O-O-O 13. c3 Kb8 14. Qb3
Qg6 15. Be3 Be7 16. Rad1 Ka8 17. Qa4 Nb8 18. Qc4 Nc6 19. Rd5 Rd6 20. Rfd1 Rhd8
21. b4 b5 22. Qb3 Kb7 23. a4 Rxd5 24. exd5 bxa4 25. dxc6+ Qxc6 26. Qc2 Rxd1+
27. Bxd1 Kb8 28. Qxa4 {#r} 1-0

[Event "17th Hampstead: U2200"]
[Site "?"]
[Date "2014.04.12"]
[Round "1"]
[White "Gladstone, Joel"]
[Black "Gaudeau, Valentin"]
[Result "0-1"]
[WhiteElo "1637"]
[BlackElo "1965"]

1. d4 Nf6 2. c4 e6 3. Nc3 Bb4 4. e3 b6 5. a3 Bxc3+ 6. bxc3 Ne4 7. Qc2 Bb7 8.
a4 O-O 9. Ba3 d6 10. Rd1 Nd7 11. d5 Qf6 12. Bb2 Ndc5 13. Nf3 c6 14. Be2 Qg6
15. O-O Ng3 16. Bd3 Nxd3 17. fxg3 Nxb2 18. Qxb2 cxd5 19. a5 Ba6 20. axb6 Rab8
21. Rf2 Rxb6 22. Qa2 Bxc4 23. Qxa7 Rb1 24. Rfd2 Be2 25. Nh4 Qe4 26. Rxe2 Rxd1+
27. Kf2 g5 28. Nf3 g4 29. Ng5 Qb1 30. e4 Rf1+ 31. Ke3 Qc1+ {#R} 0-1

[Event "17th Hampstead: U2200"]
[Site "Hampstead"]
[Date "2014.04.12"]
[Round "1"]
[White "Farzaliyev, Kanan"]
[Black "Cadart, Antoine"]
[Result "0-1"]
[WhiteElo "1924"]
[BlackElo "1630"]

1.e4 e5 2.Nf3 Nc6 3.Bb5 a6 4.Bxc6 dxc6 5.d3 Bd6 6.O-O Bg4 7.h3 Bh5 8.Nbd2 b5
9.a4 Ne7 10.axb5 cxb5 11.Nb3 f6 12.Be3 O-O 13.Nc5 Qc8 14.c3 Rd8 15.g4 Bf7
16.Nh4 Nc6 17.Nf5 Bf8 18.b4 Ne7 19.Qf3 Nxf5 20.gxf5 g5 21.fxg6 Bxg6 22.Qxf6
Qxh3 23.Rxa6 Rxa6 24.Nxa6 Rd6 25.Qxe5 Rxa6 26.Bd4 Qg4+ 27.Qg3 Qxg3+ 28.fxg3
Bg7 29.Bc5 Ra8 30.c4 bxc4 31.dxc4 Bxe4 32.Re1 Ra1 33.Rxa1 Bxa1 34.b5 Bd3 35.b6
cxb6 36.Bxb6 Bxc4 37.Kf2 Kf7 38.Ke3 Kg6 39.Kf4 Be6 40.Bd8 Bf6 41.Bb6 Bg5+
42.Ke5 Bc8 43.Bf2 Kh5 44.Ke4 Kg4 45.Be1 Bb7+ 46.Ke5 Bd8 47.Ke6 Bc7 48.Kf6 Bxg3
49.Bd2 h5 50.Ke7 h4 51.Be3 Kf3 52.Bb6 h3 53.Bg1 Kg2 54.Bd4 h2 55.Bc5 {#R} 0-1

[Event "17th Hampstead: U2200"]
[Site "?"]
[Date "2014.04.12"]
[Round "1"]
[White "Samadov, Samir"]
[Black "Pattni, Kishan"]
[Result "1-0"]
[WhiteElo "1624"]
[BlackElo "1732"]

1. e4 e6 2. d4 d5 3. exd5 exd5 4. Nf3 Nf6 5. c4 Bb4+ 6. Nc3 O-O 7. Be3 Re8 8.
Bd3 Ng4 9. O-O Nxe3 10. fxe3 Bxc3 11. bxc3 Bg4 12. Qb1 Rxe3 13. Bxh7+ Kh8 14.
Ne5 Be6 15. Bf5 Nc6 16. Qc1 Rxe5 17. dxe5 Nxe5 18. Bxe6 fxe6 19. Qe3 Qd6 20.
c5 {#r} 1-0

[Event "17th Hampstead: U2200"]
[Site "?"]
[Date "2014.04.12"]
[Round "1"]
[White "Landau, Jonathan"]
[Black "Nair, Lathish"]
[Result "1-0"]
[WhiteElo "1921"]
[BlackElo "1600"]

1. e4 e5 2. Nc3 Nf6 3. f4 d6 4. Nf3 exf4 5. d4 Nc6 6. Bxf4 Bg4 7. Bb5 a6 8.
Bxc6+ bxc6 9. O-O Be7 10. Qd3 h6 11. e5 Nd5 12. Nxd5 cxd5 13. exd6 Bxd6 14.
Rae1+ Be6 15. Ne5 O-O 16. Qg3 Re8 17. Bxh6 Bxe5 18. Rxe5 g6 19. Bg5 f6 20.
Bxf6 Qxf6 21. Rxf6 Bf7 22. Rxg6+ Kf8 23. Rf5 Re7 24. Rg8# 1-0

[Event "17th Hampstead: U2200"]
[Site "?"]
[Date "2014.04.12"]
[Round "1"]
[White "Ivanov, Elizabeth"]
[Black "Millward, David J"]
[Result "0-1"]
[WhiteElo "1592"]
[BlackElo "1900"]

1. e4 e5 2. Nf3 Nc6 3. d4 exd4 4. Bc4 d6 5. Nxd4 Nf6 6. O-O Be7 7. Nxc6 bxc6
8. Nc3 O-O 9. h3 Be6 10. Bb3 Nd7 11. Be3 Bf6 12. f4 Nb6 13. f5 Bxb3 14. axb3
Qe7 15. Qg4 d5 16. Bxb6 cxb6 17. Rae1 Qc5+ 18. Kh1 Bxc3 19. bxc3 f6 20. Rf3
Rae8 21. Rfe3 Re5 22. h4 Rfe8 23. h5 h6 24. Qf4 Qe7 25. Rg3 Rxe4 26. Rxe4 Qxe4
27. Qxh6 Qe1+ 28. Kh2 Qxg3+ 29. Kxg3 gxh6 {#R} 0-1

[Event "17th Hampstead: U2200"]
[Site "?"]
[Date "2014.04.12"]
[Round "1"]
[White "Sagues, Vincent"]
[Black "Karia, Kamlesh"]
[Result "1-0"]
[WhiteElo "1898"]
[BlackElo "1587"]

1. e4 e5 2. Nf3 Nc6 3. Bb5 Nge7 4. O-O g6 5. c3 a6 6. Ba4 Bg7 7. Re1 b5 8. Bc2
d6 9. h3 h6 10. d4 O-O 11. a4 Bd7 12. axb5 axb5 13. Rxa8 Qxa8 14. dxe5 Nxe5
15. Nxe5 Bxe5 16. Bxh6 Re8 17. f4 Qa7+ 18. Kh1 Bh8 19. f5 Be5 20. Be3 Qa8 21.
Bd4 Bc6 22. Bxe5 dxe5 23. f6 Rd8 24. Qc1 Nf5 25. exf5 Bxg2+ 26. Kh2 Bxh3 27.
Be4 Qa7 28. Kxh3 Qf2 29. Qe3 Qxe3+ 30. Rxe3 gxf5 31. Bxf5 Rd1 32. Rd3 Rxd3+
33. Bxd3 c6 34. Bf5 c5 35. Nd2 Kf8 36. Ne4 b4 37. cxb4 cxb4 38. Bd7 Kg8 39.
Kg4 {#r} 1-0

[Event "17th Hampstead: U2200"]
[Site "?"]
[Date "2014.04.12"]
[Round "1"]
[White "Larios, Rafael"]
[Black "Ilett, Raymond"]
[Result "0-1"]
[WhiteElo "1585"]
[BlackElo "1885"]

1. e4 d5 2. exd5 Nf6 3. d4 Nxd5 4. Nf3 g6 5. Be2 Bg7 6. O-O Nc6 7. c4 Nb6 8.
d5 Ne5 9. Nxe5 Bxe5 10. Nc3 O-O 11. Bh6 Re8 12. f4 Bg7 13. Bxg7 Kxg7 14. h4 e6
15. h5 exd5 16. hxg6 hxg6 17. cxd5 Bd7 18. Qd4+ Qf6 19. Qxf6+ Kxf6 20. Rad1
Kg7 21. Bd3 Rad8 22. f5 gxf5 23. Bxf5 Nc4 24. Bxd7 Rxd7 25. Rf3 Re3 26. Rxe3
Nxe3 27. Rd3 Nc4 28. b3 Nb6 29. Kf2 Kf8 30. a4 c6 31. d6 Nc8 32. Ne4 f5 33.
Rf3 Nxd6 34. Nxd6 Rxd6 35. Rxf5+ Ke7 36. Ke3 Rd1 37. Ke2 Rb1 38. Rf3 Rb2+ 39.
Kf1 a5 40. Kg1 b5 41. g4 bxa4 42. bxa4 Rb4 43. Rg3 Rxa4 44. g5 Kf7 45. g6+ Kg7
46. Kf1 Ra2 47. Ke1 Rb2 48. Kd1 a4 49. Rc3 Rb6 50. Rc4 Ra6 51. Kc2 Kxg6 52.
Kb2 a3+ 53. Ka2 Kf6 54. Rc5 Ke6 55. Rh5 Kd6 56. Rg5 Kc7 57. Rg3 Kb6 58. Rg5
Ra7 59. Rg3 Kb5 60. Rb3+ Kc4 61. Rh3 c5 62. Rh5 Kb4 63. Rh4+ c4 64. Rh8 Ra5
65. Rb8+ Kc3 66. Rh8 Kc2 67. Rh2+ Kc3 68. Rh3+ Kb4 69. Rh4 Rd5 70. Rh1 Rd2+
71. Ka1 Kb3 72. Rb1+ Rb2 73. Rc1 Ra2+ 74. Kb1 Rg2 75. Ka1 c3 76. Rb1+ Rb2 77.
Rc1 Ra2+ 78. Kb1 c2+ {#R} 0-1

[Event "17th Hampstead: U2200"]
[Site "?"]
[Date "2014.04.12"]
[Round "1"]
[White "Kalavannan, Koby"]
[Black "Balouka Myers, Gabriel"]
[Result "1-0"]
[WhiteElo "1881"]
[BlackElo "1572"]

1. d4 d5 2. Nf3 Nf6 3. c4 c6 4. Nbd2 Bf5 5. g3 e6 6. Bg2 Bd6 7. O-O O-O 8. b3
Nbd7 9. Bb2 Ne4 10. Nh4 Bg6 11. Nxg6 hxg6 12. Nxe4 dxe4 13. Bxe4 Nf6 14. Bg2
Qa5 15. e4 Rfd8 16. Qc2 Be7 17. Rfd1 Rac8 18. Rac1 Rd7 19. e5 Ne8 20. Bc3 Qb6
21. h4 Rcd8 22. Be4 Bb4 23. Ba1 a5 24. Kg2 Qa6 25. Rh1 b5 26. h5 g5 27. f4 Qb6
28. c5 Qa7 29. fxg5 Nc7 30. h6 g6 31. Bxg6 fxg6 32. Qxg6+ Kh8 33. Qf6+ Kg8 34.
h7+ Rxh7 35. Qxd8+ {#r} 1-0

[Event "17th Hampstead: U2200"]
[Site "?"]
[Date "2014.04.12"]
[Round "1"]
[White "Hung, Dylan"]
[Black "Barasi, Paul"]
[Result "0-1"]
[WhiteElo "1547"]
[BlackElo "1854"]

1. c4 Nc6 2. g3 e5 3. Bg2 Bc5 4. Nc3 f5 5. e3 Nf6 6. d3 a5 7. Nge2 O-O 8. O-O
d6 9. d4 Bb6 10. f4 e4 11. Bd2 Kh8 12. a3 Qe8 13. d5 Ne7 14. h3 c6 15. Qb3 Ra6
16. Rad1 cxd5 17. Nxd5 Nexd5 18. cxd5 Bd7 19. Qa2 Bb5 20. Kf2 Bxe2 21. Kxe2
Qb5+ 22. Kf2 Nxd5 23. Rfe1 Qc6 24. Rc1 Bc5 {#R} 0-1

[Event "17th Hampstead: U2200"]
[Site "?"]
[Date "2014.04.12"]
[Round "1"]
[White "Meikle-Briggs, Richard"]
[Black "Gribben, Chris"]
[Result "1-0"]
[WhiteElo "1840"]
[BlackElo "1540"]

1. e4 e6 2. d4 d5 3. Nd2 dxe4 4. Nxe4 Nd7 5. c4 Ngf6 6. Bd3 Nxe4 7. Bxe4 Nf6
8. Bc2 b6 9. Ne2 Bb7 10. O-O Be7 11. f3 O-O 12. b3 c5 13. Bb2 Qc7 14. dxc5
Bxc5+ 15. Kh1 Rad8 16. Qb1 h6 17. Bxf6 gxf6 18. Qc1 Kg7 19. Ng3 Rh8 20. Nh5+
Kf8 21. Nxf6 Bd4 22. Nh5 Qe5 23. Qa3+ Kg8 24. Qxa7 Bxa1 25. Qxb7 Qxh5 26. Rxa1
Qe5 27. Rg1 Qc5 28. Qe4 Qd4 29. Qxd4 Rxd4 30. Rc1 Kf8 31. Kg1 Ke7 32. a4 Rd2
33. b4 Rc8 34. Bd1 Rb2 35. b5 Rd8 36. h3 Rdd2 37. g4 Rg2+ 38. Kf1 Rh2 39. Kg1
Rxh3 40. a5 bxa5 41. b6 Kd6 42. c5+ Ke7 43. c6 Rhh2 44. Bc2 Rd2 45. b7 Kd6 46.
c7 Kxc7 47. Be4+ Kb8 48. Rc8+ Ka7 49. Ra8+ Kb6 50. b8=Q+ Kc5 51. Rxa5+ Kd4 52.
Qa7+ Kc3 53. Ra3+ Kc4 54. Qa4+ Kc5 55. Rc3+ Kd6 {#r} 1-0

[Event "17th Hampstead: U2200"]
[Site "?"]
[Date "2014.04.12"]
[Round "1"]
[White "Jina, Asha"]
[Black "Jekel, Wolfgang"]
[Result "0-1"]
[WhiteElo "1528"]
[BlackElo "1809"]

1. e4 d5 2. exd5 Qxd5 3. Nc3 Qd6 4. d4 Nf6 5. Nf3 c6 6. Bc4 Bg4 7. Be3 Nbd7 8.
h3 Bh5 9. Be2 e6 10. Qd2 Qc7 11. O-O-O O-O-O 12. g4 Bg6 13. Bf4 Bd6 14. Bxd6
Qxd6 15. Nh4 Nb6 16. Nxg6 hxg6 17. Bf3 Nbd5 18. Ne4 Nxe4 19. Bxe4 Rh4 20. Bg2
Nf4 21. f3 Nxg2 22. Qxg2 Qf4+ 23. Kb1 Rxd4 24. Rxd4 Qxd4 25. Qg3 g5 26. Rf1 e5
27. Re1 f6 28. b3 Rh8 29. Qg2 Rd8 30. Qe2 Qc3 31. Rd1 Rxd1+ 32. Qxd1 Qd4 33.
Qxd4 exd4 34. Kc1 Kd7 35. Kd2 Kd6 36. Kd3 Kd5 37. a3 c5 38. a4 b6 39. Kd2 a6
40. Ke2 b5 41. a5 c4 42. b4 Ke5 43. Ke1 Kf4 44. Kf2 g6 45. Ke2 Kg3 46. Kf1
Kxf3 47. Kg1 d3 48. cxd3 cxd3 49. Kf1 d2 {#R} 0-1

[Event "17th Hampstead: U2200"]
[Site "?"]
[Date "2014.04.12"]
[Round "1"]
[White "Pride, Stephen"]
[Black "Balouka Myers, Reuben"]
[Result "1-0"]
[WhiteElo "1784"]
[BlackElo "1534"]

1. e4 e6 2. b3 d5 3. Bb2 dxe4 4. Nc3 Nf6 5. Qe2 Nbd7 6. Nxe4 Nxe4 7. Qxe4 Nf6
8. Qd3 Qxd3 9. Bxd3 Be7 10. Nf3 b6 11. O-O Bb7 12. Ne5 O-O 13. Rfe1 Rfd8 14.
Rad1 Nd7 15. Nxd7 Rxd7 16. Be4 Bxe4 17. Rxe4 Rad8 18. d3 Bb4 19. Rxb4 f5 20.
Re1 Kf7 21. Rc4 c5 22. a4 g5 23. a5 {#r} 1-0

[Event "17th Hampstead: U2200"]
[Site "?"]
[Date "2014.04.12"]
[Round "1"]
[White "Ratnesan, Ranesh"]
[Black "Parry, Jacques"]
[Result "1/2-1/2"]
[WhiteElo "1487"]
[BlackElo "1759"]

1. d4 d5 2. Nf3 Nf6 3. Bf4 c5 4. c3 Qb6 5. Qb3 c4 6. Qxb6 axb6 7. Nbd2 Nc6 8.
h3 h6 9. e3 b5 10. Be2 b4 11. O-O bxc3 12. bxc3 Bf5 13. Ne5 Nxe5 14. Bxe5 Nd7
15. Bg3 b5 16. f3 Bc2 17. Rfc1 Ba4 18. Bd1 Nb6 19. Bc7 Bxd1 20. Bxb6 Ba4 21.
Bc5 e6 22. Bxf8 Rxf8 23. e4 Kd7 24. Rab1 Rab8 25. Rb2 Kc6 26. Kf2 Kb6 27. Ke3
Ka5 28. a3 Kb6 29. Kf4 Kc6 30. Nf1 Bb3 31. Nd2 Ba4 32. Rg1 Kd6 33. g4 g6 34.
e5+ Ke7 35. g5 h5 36. h4 Kd7 37. Rgb1 Kc7 38. Rb4 Kc6 39. Rc1 Kc7 40. Ke3 Kc6
41. Nf1 Bb3 42. Ra1 Ra8 43. Kd2 Ra7 44. Kc1 Rfa8 45. Kb2 Ra4 46. Rxa4 bxa4 47.
Rb1 {#d} 1/2-1/2

[Event "17th Hampstead: U2200"]
[Site "?"]
[Date "2014.04.12"]
[Round "1"]
[White "Carter, John"]
[Black "Johnson, Elizabeth"]
[Result "1-0"]
[WhiteElo "1755"]
[BlackElo "1427"]

1. e4 e5 2. Nf3 Nc6 3. Bb5 a6 4. Ba4 Bc5 5. c3 d6 6. d4 exd4 7. cxd4 Bb6 8. d5
Ba5+ 9. Bd2 Bxd2+ 10. Nbxd2 b5 11. dxc6 bxa4 12. Qxa4 Nf6 13. O-O O-O 14. Rad1
Re8 15. e5 dxe5 16. Nc4 Qe7 17. Ncxe5 Be6 18. Rfe1 Rab8 19. Rd7 Nxd7 20. cxd7
Bxd7 21. Qxd7 Qxd7 22. Nxd7 Rxe1+ 23. Nxe1 Rxb2 24. a4 Ra2 25. Nc5 Ra1 26. Kf1
a5 27. Ke2 Kf8 28. Ned3 Ke8 29. Ke3 Ke7 30. Kd4 Rh1 31. h3 Rg1 32. g3 g5 33.
Kd5 Rh1 34. Kc6 Rxh3 35. Kxc7 h5 36. Ne4 f6 37. Kb6 h4 38. Kxa5 f5 39. Nxg5
Rh1 40. gxh4 Rxh4 41. Nf3 Rh5 42. Kb5 f4+ 43. Nfe5 Kd6 44. a5 Kc7 45. a6 Kb8
46. Kb6 Rh6+ 47. Nc6+ Ka8 48. Nxf4 Rh1 49. Nd5 Rb1+ 50. Kc7 Rb2 51. f4 Rb3 52.
f5 Rb5 53. Nce7 Rc5+ 54. Kb6 Rc8 55. Nxc8 Kb8 56. a7+ Kxc8 57. a8=Q+ Kd7 58.
Qc6+ Kd8 59. Qd6+ Ke8 60. Qe7# 1-0

[Event "17th Hampstead: U2200"]
[Site "?"]
[Date "2014.04.12"]
[Round "1"]
[White "Karia, Rishul"]
[Black "Brozel, Sacha"]
[Result "0-1"]
[WhiteElo "1408"]
[BlackElo "1751"]

1. e4 c5 2. Nc3 a6 3. a4 e6 4. Bc4 Nc6 5. d3 Be7 6. Be3 Nf6 7. Bb3 O-O 8. f4
d5 9. Bf2 d4 10. Nce2 Ng4 11. Nh3 Na5 12. Ba2 b5 13. axb5 axb5 14. O-O Bb7 15.
c3 Nxf2 16. Nxf2 Nc6 17. Ng3 dxc3 18. bxc3 Ra3 19. Bb3 Qa5 20. Rxa3 Qxa3 21.
Qc2 Na5 22. Rb1 Rc8 23. Qa2 Qxa2 24. Bxa2 b4 25. Ne2 Ra8 26. Kf1 b3 27. Bxb3
Nxb3 28. Rxb3 Ra1+ 29. Nd1 Rxd1+ 30. Kf2 Ba6 31. c4 g6 32. Ke3 Kg7 33. Ra3 Bb7
34. Ra7 Rb1 35. Nc3 Rb6 36. Nb5 Bf8 37. g3 Bc6 38. Ra5 Bxb5 39. Rxb5 Rxb5 40.
cxb5 Bd6 41. b6 e5 42. Kf3 Kf6 43. Ke3 h5 44. Kf3 Ke6 45. h3 Kd7 46. f5 Kc6
47. g4 Kxb6 48. Kg3 Be7 49. h4 Kb5 50. g5 Kb4 51. Kf3 Kc3 52. Ke3 Bd8 53. Ke2
Kd4 54. Kd2 Ba5+ 55. Ke2 Bb4 56. fxg6 fxg6 57. Kd1 Kxd3 58. Kc1 c4 59. Kd1 c3
60. Kc1 Ba3+ 61. Kd1 c2+ 62. Ke1 c1=Q+ 63. Kf2 Qf4+ 64. Kg2 Ke2 65. Kh3 Qg4+
66. Kh2 {#R} 0-1

[Event "17th Hampstead: U2200"]
[Site "?"]
[Date "2014.04.12"]
[Round "1"]
[White "Modica, Jake"]
[Black "Zhou, Yang-Jian"]
[Result "1-0"]
[WhiteElo "2050"]
[BlackElo "1730"]

1. d4 Nf6 2. c4 g6 3. Nc3 Bg7 4. Nf3 O-O 5. Bg5 d6 6. e3 Bg4 7. Be2 Nbd7 8. h3
Bxf3 9. Bxf3 c5 10. O-O Rb8 11. Qc2 h6 12. Bh4 a6 13. a4 Nb6 14. b3 Nfd7 15.
Rad1 g5 16. Bg3 e5 17. dxc5 Nxc5 18. a5 Nc8 19. b4 Ne6 20. c5 f5 21. Qb3 Qe7
22. Nd5 Qf7 23. cxd6 Nxd6 24. Nb6 Rbd8 25. Bh5 Qxh5 26. Qxe6+ Qf7 27. Rxd6 f4
28. Qxf7+ Kxf7 29. Rxd8 Rxd8 30. exf4 exf4 31. Bh2 Rd2 32. g3 f3 33. g4 Bc3
34. Bg3 Bxb4 35. Rb1 Bc3 36. Nc4 Rd7 37. Rxb7 Rxb7 38. Nd6+ Ke7 39. Nxb7 Kd7
40. Nc5+ Kc6 41. Nxa6 Bxa5 42. Nb8+ Kd5 43. Nd7 Ke6 44. Ne5 Bc3 45. Nxf3 Kf6
46. Kf1 Kg6 47. Be5 Bb4 48. Ke2 Bc5 49. Bd4 Bd6 50. Be3 Kf6 51. Kd3 Kg6 52.
Ke4 Bf8 53. Ke5 Be7 54. Ke6 Bf8 55. h4 gxh4 56. Nxh4+ Kh7 57. Kf7 Bg7 58. Nf5
Be5 59. Nxh6 Bg7 60. g5 Kh8 61. f4 Kh7 62. f5 Bd4 63. g6+ Kh8 64. Bxd4# 1-0

[Event "17th Hampstead: U2200"]
[Site "?"]
[Date "2014.04.12"]
[Round "1"]
[White "Jina, Taran"]
[Black "Gaudeau, Alain"]
[Result "1-0"]
[WhiteElo "1724"]
[BlackElo "1090"]

1. e4 c6 2. d4 d5 3. exd5 cxd5 4. Bd3 Nf6 5. c3 Nc6 6. Bf4 e6 7. Nf3 Be7 8.
O-O O-O 9. Nbd2 Qb6 10. Qc2 Rd8 11. Ne5 Bd7 12. Be3 Rac8 13. a3 a6 14. Nxc6
Bxc6 15. a4 Qc7 16. Nf3 Bd6 17. Bg5 h6 18. Bxf6 gxf6 19. Qd2 Kg7 20. g3 f5 21.
Nh4 Be7 22. Ng2 Bg5 23. Qe2 Rh8 24. Qh5 Be8 25. Rfe1 Qd7 26. h3 Rc7 27. Kh2
Bd2 28. Rg1 Bg5 29. Qe2 Bf6 30. Nf4 Qd6 31. Nh5+ Kg6 32. f4 Bd7 33. Qg4+ Bg5
34. Qf3 Bd8 35. g4 f6 36. gxf5+ Kf7 37. Qg4 exf5 38. Qg7+ Ke8 39. Qxh8+ Qf8
40. Rg8 Be7 41. Nxf6+ Kf7 42. Rxf8+ Bxf8 43. Nxd5 Rc6 44. Qh7+ Ke8 45. Re1+
Kd8 46. Qf7 Bd6 47. Qg8+ Be8 48. Qxe8# 1-0

[Event "17th Hampstead: U2200"]
[Site "Hampstead"]
[Date "2014.04.12"]
[Round "2"]
[White "Meikle-Briggs, Richard"]
[Black "Jaunooby, Ali"]
[Result "0-1"]
[WhiteElo "1840"]
[BlackElo "2178"]

1. e4 g6 2. d4 Bg7 3. b3 c5 4. c3 cxd4 5. cxd4 Nc6 6. Nf3 d6 7. Bb2 Bg4 8. Bc4
e6 9. Bb5 Qa5+ 10. Nc3 Bxf3 11. Bxc6+ bxc6 12. Qxf3 Bxd4 13. O-O Qe5 14. Rad1
f6 15. Rxd4 Qxd4 16. Na4 Qd2 17. Bxf6 Nxf6 18. Qxf6 Rf8 19. Qxe6+ Kd8 20. e5
Qd5 21. Qxd6+ Qxd6 22. exd6 Rf5 23. Nc3 Rb8 24. f3 Rc5 25. Ne4 Rc2 26. Rf2
Rc1+ 27. Rf1 Rxf1+ 28. Kxf1 a5 29. Ke2 a4 30. Nc5 axb3 31. axb3 Rb5 32. Ne6+
Kd7 33. Nf8+ Kxd6 34. Nxh7 Rxb3 35. Ng5 Rb2+ 36. Kf1 Kd5 37. h4 c5 38. Ne4 Kd4
39. g4 Rh2 40. h5 gxh5 41. g5 Ra2 42. g6 Ra6 43. g7 Rg6 44. Nd6 Ke5 {#R} 0-1

[Event "17th Hampstead: U2200"]
[Site "Hampstead"]
[Date "2014.04.12"]
[Round "2"]
[White "Dignam, Matthew"]
[Black "Pride, Stephen"]
[Result "1-0"]
[WhiteElo "2134"]
[BlackElo "1784"]

1. d4 c5 2. e3 Nf6 3. Nf3 b6 4. c4 d6 5. Nc3 Bb7 6. d5 g6 7. Bd3 Bg7 8. O-O
O-O 9. e4 Nbd7 10. h3 Qc7 11. Bf4 Rae8 12. Re1 Ne5 13. Nxe5 dxe5 14. Bh2 Rd8
15. Qd2 a6 16. Rab1 Rb8 17. b4 Nd7 18. a3 Rfe8 19. Rb2 e6 20. Reb1 exd5 21.
Nxd5 Bxd5 22. exd5 Qd6 23. Qc2 Red8 24. Be2 f5 25. Qa4 Ra8 26. Qc6 Bf8 27.
bxc5 Qxc5 28. Qe6+ Kh8 29. Rb3 Bg7 30. h4 Qf8 31. h5 Nc5 32. Qxb6 Nxb3 33.
Rxb3 Rab8 34. Qe3 Rxb3 35. Qxb3 Rb8 36. Qh3 Rb1+ 37. Bf1 Kg8 38. hxg6 hxg6 39.
Qd3 Qb8 40. d6 Rb3 41. Qd5+ Kf8 42. Bxe5 Bxe5 43. Qxe5 Qd8 {#r} 1-0

[Event "17th Hampstead: U2200"]
[Site "Hampstead"]
[Date "2014.04.12"]
[Round "2"]
[White "Jekel, Wolfgang"]
[Black "Villiers, Thomas"]
[Result "0-1"]
[WhiteElo "1809"]
[BlackElo "2097"]

1. f4 Nf6 2. Nf3 b6 3. g3 Bb7 4. Bg2 e6 5. O-O c5 6. d3 d5 7. c3 Nc6 8. Qe1
Be7 9. e4 dxe4 10. dxe4 O-O 11. h3 Qd3 12. Nbd2 Rad8 13. Rf2 Qd7 14. Nc4 b5
15. Nce5 Nxe5 16. Nxe5 Qd1 17. Bd2 Qxe1+ 18. Rxe1 c4 19. Rfe2 Nxe4 20. Bxe4
Bxe4 21. Rxe4 Rxd2 22. R4e2 Bc5+ 23. Kf1 Rfd8 24. Rxd2 Rxd2 25. Re2 Rd6 26.
Kg2 f6 27. Nf3 Kf7 28. Nd2 Rd3 29. Nf3 a5 30. a3 Be3 31. Rc2 Ke7 32. Re2 Kd6
33. Rc2 e5 34. fxe5+ fxe5 35. Kf1 Rd1+ 36. Kg2 e4 37. Nh4 g6 {#R} 0-1